LEADER 01219nam a2200253 4500 001 000000360730 003 CaOOAMICUS 005 20241115120509.0 008 241115s2024 it 000 u ita r 020 $a978-88-6512-981-4 040 $aSeMil$bita 100 1 $aRotundo, Emmanuele,$d<1984- >.$0(OLS)http://semarc/name/91247 245 13$aLo spirito di Cristo nello spirito dell'uomo :$bun unico mistico "sé" : saggio sull'unione intima tra Cristo e il cristiano /$cEmmanuele Rotundo. 264 1$aVenezia :$bMarcianum Press,$c2024. 300 $a247 p. ;$c21 cm 490 1 $aIl calamo. Teologia ;$v41 650 4$aCristologia.$0(OLS)http://semarc/subject/173 830 3$aIl calamo. Teologia ;$v41.$0(OLS)http://semarc/title/438879 850 $aSeMil 852 $aSeMil$W1$xVenegono$y1$m2B IV 367$j252368$B251735$CSeMilBibl$Z2$F251735 $81 996 $6020$a978-88-6512-981-4$9(OLS)http://semarc/number/301797 996 $6245$aLo spirito di Cristo nello spirito dell'uomo :$bun unico mistico "sé" : saggio sull'unione intima tra Cristo e il cristiano$9(OLS)http://semarc/title/451269 996 $6264$aVenezia :$bMarcianum Press$9(OLS)http://semarc/publisher/31536 LEADER 00943nam a2200253 i 4500 001 000000244608 003 CaOOAMICUS 005 20151104000000.0 008 151104s2015 it u000 u ita u 013 $a223513 020 $a978-88-06-21142-4 040 $aSeMil$bita 100 1 $aBartezzaghi, Stefano,$d<1962- >.$0(OLS)http://semarc/name/82442 245 10$aM :$buna metronovela /$cStefano Bartezzaghi. 260 $aTorino :$bEinaudi,$c2015. 300 $a280 p. ;$c23 cm. 490 0 $aFrontiere Einaudi 830 0$aFrontiere Einaudi.$0(OLS)http://semarc/title/30478 850 $aSeMil 852 $aSeMil$W1$xVenegono$y1$m1A IV 55$j194954$B194954$CSeMilBibl$Z2$F207488 $81 961 $aOmaggio: Braccini Annamaria 996 $6020$a978-88-06-21142-4$9(OLS)http://semarc/number/252929 996 $6245$aM :$buna metronovela$9(OLS)http://semarc/title/346497 996 $6260$aTorino :$bEinaudi$9(OLS)http://semarc/publisher/29884